00691nam a22002057a 4500003000900000005001700009008003100026020001800057040002200075082002700097100003400124245009500158260003600253300003300289490002800322650003300350650003200383650003600415700003400451DO-SdBPM20250320094730.0161205b 2005 sp a 00| 0 spa d a9788496412712 aBPMSUbspacBPMSU 4a892.73bS588m 20052221 aSzpumberg, Albertod1940-202010aSimbad el marino /cAnónimo ; adaptación Alberto Szpunberg ; ilustración Sergio Kern aBarcelona :b El País,c2005. a45 p. :bilustrado, c20 cm.0 aCuentos infantiles,v17 4aCuentos infantiles árabes  4aLiteratura infantil árabe 4aLibros ilustrados para niños 1 aKern, Sergio,eilustración